[Event "Poznan"]
[Site "Poznan"]
[Date "1983.??.??"]
[Round "8"]
[White "Maciejewski, Andrzej"]
[Black "Bielczyk, Jacek"]
[Result "1/2-1/2"]
[WhiteElo "2345"]
[BlackElo "2395"]

1.e4 c5 2.c3 Nf6 3.e5 Nd5 4.d4 cxd4 5.Nf3 Nc6 6.cxd4 d6 7.Be2 e6 8.O-O Bd7
9.a3 Qc7 10.Re1 g6 11.Bc4 Nce7 12.Nbd2 Bg7 13.Ne4 dxe5 14.dxe5 O-O 15.Bxd5 Nxd5
16.Bg5 Rfc8 17.Nf6+ Nxf6 18.exf6 Bf8 19.Qd4 Bc6 20.Ne5 Rd8 21.Qh4 Rd5 22.Bf4 Rd4
23.Qg5 Qd8 24.Nxc6 bxc6 25.Be5 Rd5 26.h4 Rb8 27.Qg3 Rbb5 28.Bc3 Rd3 29.Re3 Rbd5
30.Rae1 h5 31.Rxd3 Rxd3 32.Qf4 Kh7 33.Qa4 Qd7 34.Qc4 Qd5 35.Qxd5 cxd5 36.Kf1 Bxa3
37.Ke2 Rxc3 38.bxc3 Bc5 39.Rb1 Bb6 40.c4 dxc4 41.Rc1 Bd4 42.Rxc4 Bxf6  1/2-1/2

[Event "BCF-ch"]
[Site "Southport"]
[Date "1983.??.??"]
[Round "5"]
[White "Byway, Paul"]
[Black "Jacobs, Byron A"]
[Result "1-0"]
[WhiteElo "2365"]
[BlackElo "2255"]

1.e4 c5 2.c3 Nf6 3.e5 Nd5 4.d4 cxd4 5.cxd4 b6 6.Nf3 e6 7.a3 Be7 8.Bd3 Ba6
9.O-O Bxd3 10.Qxd3 O-O 11.Nbd2 Qc8 12.Ne4 Qa6 13.Qb1 Nc6 14.Bg5 Bxg5 15.Nfxg5 g6
16.Nd6 Nxd4 17.Qe4 Ne2+ 18.Kh1 Nef4 19.Rad1 b5 20.Ngxf7 Rab8 21.g3 Nh5 22.Nh6+ Kg7
23.Ng4 b4 24.Qd3 Qa4 25.Ne3 Rf3 26.Qe2 Nxe3 27.fxe3 Rxf1+ 28.Rxf1 bxa3 29.bxa3 Qc6+
30.Kg1 Qc3 31.g4 Qxe5 32.Nf7 Ng3 33.Qf3 Qc3 34.Qxg3 Rb3 35.Qe5+ Qxe5 36.Nxe5 d6
37.Nc4 d5 38.Nd6 Rxe3 39.Rf7+ Kh6 40.Rxa7 Kg5 41.a4 Kxg4 42.Rxh7 Ra3 43.Ra7 d4
44.a5 d3 45.Nc4 Rc3 46.Ne3+ Kf3 47.Nf1 Ke2 48.Ra6 e5 49.Rxg6 Ra3 50.a6 e4
51.Rg3 Ra4 52.Re3+ Kd1 53.a7 d2 54.Rxe4 Rxa7 55.Rd4 Rg7+ 56.Kh1  1-0

[Event "BCF-ch"]
[Site "Southport"]
[Date "1983.??.??"]
[Round "7"]
[White "Byway, Paul"]
[Black "Conquest, Stuart"]
[Result "0-1"]
[WhiteElo "2365"]
[BlackElo "2255"]

1.e4 c5 2.c3 Nf6 3.e5 Nd5 4.d4 cxd4 5.cxd4 Qc7 6.Nf3 d6 7.Be2 Bg4 8.O-O e6
9.Nc3 Nxc3 10.bxc3 Nd7 11.Qa4 d5 12.Bd2 Be7 13.Rfc1 O-O 14.c4 Nb6 15.Ba5 Nxa4
16.Bxc7 Ba3 17.Rc2 Bf5 18.Rd2 dxc4 19.Bxc4 Bb4 20.Bd6 Bxd2 21.Nxd2 Rfc8 22.Bb3 Nc3
23.Bc4 Nb1 24.Nxb1 Rxc4 25.Na3 Rxd4 26.Nb5 Rc4 27.Na3 Rc6 28.Nb5 Rac8 29.Ba3 Ra6
30.Nd6 Rc2 31.Nxf5 exf5 32.Rd1 h6 33.Bd6 Raxa2 34.Rf1 a5 35.g3 b5  0-1

[Event "Tirnavia-B"]
[Site "Trnava"]
[Date "1983.??.??"]
[Round "3"]
[White "Mihaljcisin, Mihajlo"]
[Black "Mokry, Karel"]
[Result "1/2-1/2"]
[WhiteElo "2275"]
[BlackElo "2435"]

1.e4 c5 2.c3 Nf6 3.e5 Nd5 4.d4 cxd4 5.Nf3 Nc6 6.Bc4 Nb6 7.Bb3 d5 8.exd6 Qxd6
9.O-O Be6 10.Bxe6 Qxe6 11.Nxd4 Nxd4 12.Qxd4 Rd8 13.Qf4 Qc6 14.Nd2 g6 15.Nf3 Bg7
16.Qh4 Qa4 17.Qh3 O-O 18.Bh6 Qd7 19.Qh4 f6 20.Rfe1 e5 21.Bxg7 Kxg7 22.c4 Na4
23.Qe4 Nc5 24.Qc2 Qd3 25.Qxd3 Rxd3 26.b4 Na4 27.Rac1 Rfd8 28.h3 Nc3 29.Rc2 e4
30.Nd2 R8d4 31.Nb3 Rd1 32.Nxd4 Rxe1+ 33.Kh2 Na4 34.c5 Rd1 35.Nb5 a5 36.bxa5 Rd5
37.Nc7 Rd7 38.Ne8+ Kf7 39.Nd6+ Ke6 40.Nxe4 f5 41.Ng5+ Kf6 42.f4 Rc7 43.Rc4 Nxc5
44.Nxh7+ Ke6 45.Nf8+ Kd5 46.Rc3 Rc6 47.Rg3 Ra6 48.Rxg6 Rxa5 49.h4 Ne4 50.Ne6 Nf2
51.h5 Ng4+ 52.Kh3 Rxa2 53.Ng5 Ra6 54.Rg8 Rh6 55.Rf8 Rxh5+ 56.Kg3 Ne3 57.Kf3 Nc2
58.Rxf5+ Kc4 59.Rf7 b5 60.Rc7+ Kb3 61.g4 Rh1 62.Ne4 b4 63.f5 Rf1+ 64.Nf2 Rc1
65.Kf4 Rf1 66.Kg3 Ne3 67.Rc5 Ka4 68.Re5 Nxg4 69.Nxg4 b3 70.Re4+ Ka3 71.Ne3 Rxf5  1/2-1/2

[Event "Tirnavia-B"]
[Site "Trnava"]
[Date "1983.??.??"]
[Round "11"]
[White "Nun, Jiri"]
[Black "Mokry, Karel"]
[Result "1/2-1/2"]
[WhiteElo "2360"]
[BlackElo "2435"]

1.e4 c5 2.c3 Nf6 3.e5 Nd5 4.d4 cxd4 5.Nf3 Nc6 6.Bc4 Nb6 7.Bb3 d5 8.exd6 Qxd6
9.O-O Be6 10.Bxe6 Qxe6 11.Nxd4 Nxd4 12.Qxd4 Rd8 13.Qh4 Qc4 14.Qxc4 Nxc4 15.b3 Ne5
16.Be3 a6 17.Nd2 Ng4 18.Ne4 Nxe3 19.fxe3 e6 20.Rad1 Rc8 21.c4 Rc7 22.Rf2 Ba3
23.Nd6+ Bxd6 24.Rxd6 Ke7 25.Rfd2 Rb8 26.h3 h5 27.Kf2 h4 28.Kf3 g5 29.R2d4 Rc6
30.Rd7+ Kf6 31.Ke4 b5 32.Rd2 Kg6 33.cxb5 Rxb5 34.R2d6  1/2-1/2

[Event "Yerevan Girls"]
[Site "Yerevan"]
[Date "1983.??.??"]
[Round "5"]
[White "Hlusevich, Sv"]
[Black "Aljautdinova, Margarita"]
[Result "0-1"]
[WhiteElo "2000"]
[BlackElo "2000"]

1.e4 c5 2.c3 Nf6 3.e5 Nd5 4.d4 cxd4 5.Nf3 Nc6 6.cxd4 d6 7.Bc4 Nb6 8.Bb5 Bd7
9.Nc3 dxe5 10.dxe5 a6 11.Bd3 g6 12.Bf4 Bg7 13.h3 O-O 14.O-O Rc8 15.Rc1 Be6
16.Re1 Nc4 17.Qe2 Nd4 18.Nxd4 Qxd4 19.Bg3 Nxb2 20.Qxb2 Qxd3 21.Red1 Qf5 22.Qxb7 Bh6
23.f4 Bxf4 24.Rf1 Be3+ 25.Kh2 Qd3 26.Rfd1 Bd2 27.Ne4 Rxc1 28.Rxd2 Qb1 29.Qxb1 Rxb1
30.Nc5 Rb6 31.Bh4 Re8 32.Bf2 Rc6 33.Rb2 Rec8 34.Nxe6 Rxe6 35.Bg3 Kg7 36.Rf2 h6
37.Rd2 Rc4 38.Re2 Rec6 39.a3 Rc2 40.Re1 Ra2 41.Re3 Rcc2 42.Be1 Rxg2+ 43.Kh1 Rge2  0-1

[Event "Yerevan op"]
[Site "Yerevan"]
[Date "1983.??.??"]
[Round "5"]
[White "Kozirev, Alexander"]
[Black "Sadriev, T."]
[Result "1/2-1/2"]
[WhiteElo "2200"]
[BlackElo "2200"]

1.e4 c5 2.c3 Nf6 3.e5 Nd5 4.d4 cxd4 5.Nf3 Nc6 6.cxd4 d6 7.Bc4 e6 8.O-O Be7
9.Qe2 O-O 10.Nc3 Nxc3 11.bxc3 b6 12.Bd3 Bb7 13.Qe4 g6 14.Bh6 Re8 15.Rad1 Na5
16.Qg4 Bxf3 17.Qxf3 Bg5 18.Bxg5 Qxg5 19.exd6 Rad8 20.Rfe1 Rxd6 21.Re5 Qd8
22.Qe2 Kg7 23.f4 Rd5 24.Be4 Rxe5 25.fxe5 f6 26.exf6+ Qxf6 27.Rf1 Qe7 28.Bd3 e5
29.Re1 Nc6 30.Qf3 Qf6 31.Bb5 Qxf3 32.gxf3 Rc8 33.Bxc6 Rxc6 34.Rxe5 Rxc3 35.Re7+ Kf6
36.Rxa7 Rxf3 37.Rxh7 Ra3 38.Rb7 Rxa2 39.Rxb6+ Kf5 40.d5 Rd2 41.d6 Ke5 42.d7 Rxd7
43.Rxg6 Rd2  1/2-1/2

[Event "Aars"]
[Site "Aars"]
[Date "1984.??.??"]
[Round "7"]
[White "Andersen, Ch"]
[Black "Willumsen, Henrik"]
[Result "1-0"]
[WhiteElo "2200"]
[BlackElo "2200"]

1.e4 c5 2.c3 Nf6 3.e5 Nd5 4.d4 cxd4 5.Nf3 Nc6 6.Bc4 Nb6 7.Bb3 d5 8.exd6 Qxd6
9.O-O e6 10.cxd4 Be7 11.Nc3 Nb4 12.Be3 O-O 13.a3 N4d5 14.Qd3 Bf6 15.Bc2 g6
16.Ne4 Qe7 17.Nxf6+ Qxf6 18.Bh6 Re8 19.Rae1 Bd7 20.Ne5 a6 21.Nxd7 Nxd7 22.Bc1 Rac8
23.Bb3 N7b6 24.Bd2 Red8 25.Re5 Ne7 26.Qe4 Rd7 27.Bg5 Qg7 28.Rxe6 fxe6 29.Qxe6+ Kf8
30.Bh6  1-0

[Event "Augsburg"]
[Site "Augsburg"]
[Date "1984.??.??"]
[Round "?"]
[White "Seyb, Dieter"]
[Black "Beckemeier, Werner"]
[Result "0-1"]
[WhiteElo "2310"]
[BlackElo "2315"]

1.e4 c5 2.c3 Nf6 3.e5 Nd5 4.d4 cxd4 5.cxd4 d6 6.Bc4 e6 7.Nf3 Be7 8.O-O O-O
9.Qe2 Nc6 10.Nc3 dxe5 11.dxe5 Nxc3 12.bxc3 Qc7 13.Bd3 Rd8 14.Re1 b6 15.Bg5 Bb7
16.Rad1 g6 17.Qe3 Na5 18.Bxe7 Qxe7 19.Ng5 Rac8 20.Be4 Rxd1 21.Rxd1 Nc4 22.Qf4 Bxe4
23.Nxe4 Kg7 24.Qf6+ Qxf6 25.exf6+ Kh6 26.f4 Kh5 27.Rd7 Kg4 28.Rxf7 Kxf4 29.Nf2 Ne5
30.Rxa7 h5 31.f7 Rf8 32.Rb7 Rxf7 33.Rxb6 Rc7 34.Rb4+ Kf5 35.Ne4 Nd3 36.Ng3+ Kf6
37.Rb5 e5 38.a4 Rc4 39.a5 h4 40.Rb6+ Kg5 41.Ne2 Ra4 42.Rb1 Rxa5 43.Rd1 e4
44.Nc1 Ra1  0-1

[Event "Barcelona"]
[Site "Barcelona"]
[Date "1984.??.??"]
[Round "?"]
[White "Pisa Ferrer, Jose"]
[Black "Bellon Lopez, Juan Manuel"]
[Result "0-1"]
[WhiteElo "2310"]
[BlackElo "2425"]

1.e4 c5 2.c3 Nf6 3.e5 Nd5 4.d4 cxd4 5.Nf3 e6 6.cxd4 b6 7.Bd3 Ba6 8.O-O Be7
9.Nc3 Nxc3 10.bxc3 Bxd3 11.Qxd3 O-O 12.c4 d5 13.exd6 Qxd6 14.Qe4 Nd7 15.Bf4 Qa3
16.Qb7 Qa4 17.Rac1 Rac8 18.Ne5 Rfd8 19.Rc3 Bf6 20.Rf3 Bxe5 21.dxe5 Rxc4 22.Rd3 Rxf4
23.Qc7 Rf8 24.Rxd7 Qxa2 25.g3 Rc4 26.Qxa7 Qxa7 27.Rxa7 Rb4 28.Rc1 g5 29.Rc6 h5
30.Kg2 Rb5 31.h3 Rxe5 32.Rxb6 Rd8 33.Rbb7 Rf5 34.Rb2 Rd4 35.Ra3 h4 36.g4 Rff4
37.Ra5 Rd5 38.Ra3 Kg7 39.Rc3 Kg6 40.Re3 Rd1 41.Ra2 Rc4 42.Ra5 Rc2 43.Raa3 Rcc1
44.Rac3 Rg1+ 45.Kf3 Rgf1 46.Ke2 Rh1 47.Ra3 Rce1+ 48.Kd2 Reg1 49.Ke2 Re1+
50.Kd2 Rd1+ 51.Ke2 Rd4 52.Rad3 Rf4 53.Ra3 Rh2 54.Rf3 f5 55.Rxf4 gxf4 56.gxf5+ Kxf5
57.Kf1 Rh1+ 58.Kg2 Rd1 59.Ra8 Rd3 60.Rh8 f3+ 61.Kh2 Rd4 62.Rh5+ Kg6 63.Rh8 Rf4
64.Kg1 e5 65.Re8 Rf5 66.Rg8+ Kf6 67.Rf8+ Ke6 68.Rh8 Rf4 69.Ra8 Rc4 70.Re8+ Kd5
71.Rd8+ Kc5 72.Rd3 e4 73.Rd8 Kb4 74.Rd7 Kc3 75.Rd8 Rb4 76.Ra8 Rb3 77.Re8 Kd3
78.Re7 Rb1+ 79.Kh2 Rf1 80.Rd7+ Ke2 81.Rd2+ Ke1 82.Rd1+ Kxf2 83.Re1 Rh1+ 84.Rxh1 e3
85.Ra1 e2 86.Ra3 e1=Q 87.Rxf3+ Ke2 88.Kg2 Qa1 89.Rf4 Qa8+ 90.Kg1 Qa7+ 91.Kg2 Qb7+
92.Kg1 Qb6+ 93.Kg2 Qc6+ 94.Kg1 Qc1+  0-1

[Event "URS-ch sf"]
[Site "Barnaul"]
[Date "1984.??.??"]
[Round "?"]
[White "Rozentalis, Eduardas"]
[Black "Ubilava, Elizbar"]
[Result "1/2-1/2"]
[WhiteElo "2465"]
[BlackElo "2470"]

1.e4 c5 2.c3 Nf6 3.e5 Nd5 4.d4 cxd4 5.Qxd4 e6 6.Nf3 Nc6 7.Qe4 f5 8.Qe2 Qc7
9.g3 Nde7 10.Na3 Ng6 11.Nb5 Qb8 12.Bf4 a6 13.Nbd4 Nxd4 14.Nxd4 b6 15.Bg2 Bb7
16.Bxb7 Qxb7 17.O-O-O Bc5 18.Nb3 Be7 19.f3 O-O 20.Rd4 Rfc8 21.Rhd1 Nxf4 22.gxf4 Rc7
23.Kb1 b5 24.Qd3 Ra7 25.Na5 Qc8 26.Qd2 Qe8 27.b4 Qc8 28.Kb2 Kf7 29.a3 Qb8
30.Rd3 Qb6 31.Qg2 Qb8 32.Qg1 Bf8 33.R1d2 Ke8 34.Nb3 Kf7 35.Rg2 Qd8 36.Rgd2 Qc8
37.Na5 Qb8 38.h3 Kg8 39.Qd1 Qd8 40.Qe1 Qe8  1/2-1/2

[Event "Bayamo"]
[Site "Bayamo"]
[Date "1984.??.??"]
[Round "?"]
[White "Braga, Fernando"]
[Black "Ochoa de Echaguen, F Javier"]
[Result "1/2-1/2"]
[WhiteElo "2410"]
[BlackElo "2415"]

1.e4 c5 2.c3 Nf6 3.e5 Nd5 4.d4 cxd4 5.Nf3 d6 6.Bc4 dxe5 7.Nxe5 Nc6 8.Nxc6 bxc6
9.Qxd4 Qb6 10.Qe4 e6 11.O-O Ba6 12.Nd2 Be7 13.Bxa6 Qxa6 14.Nc4 O-O 15.Ne5 Bd6
16.Rd1 Rad8  1/2-1/2

[Event "BCF-ch"]
[Site "Brighton"]
[Date "1984.??.??"]
[Round "1"]
[White "Jackson, Sheila"]
[Black "Murshed, Niaz"]
[Result "1-0"]
[WhiteElo "2190"]
[BlackElo "2405"]

1.e4 c5 2.c3 Nf6 3.e5 Nd5 4.d4 cxd4 5.cxd4 Nc6 6.Nf3 e6 7.Nc3 Nxc3 8.bxc3 d5
9.exd6 Bxd6 10.Bd3 Qc7 11.O-O Bd7 12.c4 O-O-O 13.Be3 Nb4 14.Be2 Kb8 15.Qc1 Ka8
16.Rb1 Nc6 17.Rd1 Qc8 18.Ng5 Be8 19.Ne4 Bb8 20.d5 Ne5 21.Qb2 Ba4 22.Rd2 b6
23.Qb4 exd5 24.cxd5 Bd7 25.f3 f5 26.Nc3 Rhe8 27.Bg5 Qc7 28.d6 Qc6 29.Bxd8 a5
30.Qxb6 Ba7 31.Nd5 Bxb6+ 32.Bxb6 Nc4 33.Bxc4 Qxc4 34.Nc7+ Kb7 35.Nxe8 Bxe8
36.d7 Bxd7 37.Rxd7+ Ka8 38.Bf2  1-0

[Event "BCF-ch"]
[Site "Brighton"]
[Date "1984.??.??"]
[Round "8"]
[White "Freeman, R."]
[Black "Watts, David"]
[Result "0-1"]
[WhiteElo "2095"]
[BlackElo "2240"]

1.e4 c5 2.c3 Nf6 3.e5 Nd5 4.d4 cxd4 5.Bc4 Qc7 6.Qe2 Nb6 7.Bd3 Nc6 8.Nf3 g6
9.O-O dxc3 10.Nxc3 Bg7 11.Nb5 Qd8 12.Nd6+ exd6 13.Bg5 Nd4 14.Qd2 Nxf3+ 15.gxf3 f6
16.exf6 Bxf6 17.Rfe1+ Kf7 18.Qf4 Rf8 19.Qh4 Rh8 20.Qf4 Rf8 21.Qh4 Kg8 22.Bxg6 hxg6
23.Qh6 Bxg5 24.Qxg6+ Kh8 25.Re4 Qf6 26.Qh5+ Qh6 27.Qg4 d5 28.Re2 d6  0-1

[Event "Lang mem 5th"]
[Site "Brno"]
[Date "1984.??.??"]
[Round "8"]
[White "Jurka, Miroslav"]
[Black "Stypka, Mieczyslaw"]
[Result "1/2-1/2"]
[WhiteElo "2290"]
[BlackElo "2295"]

1.e4 c5 2.c3 Nf6 3.e5 Nd5 4.d4 cxd4 5.Qxd4 e6 6.Nf3 Nc6 7.Qe4 d6 8.Nbd2 dxe5
9.Nxe5 Nf6 10.Qa4 Qc7 11.Ndf3 Bd6 12.Nxc6 Bd7 13.Bg5 Qxc6 14.Qxc6 Bxc6 15.Nd4 Bd7
16.Bb5 a6 17.Bxd7+ Kxd7 18.Rd1 Rad8 19.Ke2 Kc8 20.Rd3 Be7 21.c4 Rd7 22.Rhd1 Rhd8
23.Nf3 Rxd3 24.Rxd3 h6 25.Be3 Rxd3 26.Kxd3 Nd7 27.a3 Bf6 28.b4 g5 29.h3 Ne5+
30.Nxe5 Bxe5 31.g4 Kd7 32.Ke4 Bb2 33.a4 Bc3 34.b5 Kd6 35.f3 Bb2 36.Bf2 Bg7
37.Bb6 Bb2 38.Bf2 f6 39.h4 gxh4 40.c5+ Kd7 41.Bxh4 axb5 42.axb5 f5+ 43.gxf5 exf5+
44.Kd5 Bc1 45.c6+ bxc6+ 46.bxc6+ Kc7 47.Bf6 Bf4 48.Be5+ Bxe5 49.Kxe5 Kxc6
50.Kxf5 Kd6 51.Kf6 h5 52.Kg5 Ke6 53.f4 h4 54.f5+ Kf7 55.Kxh4 Kf6 56.Kg4 Kf7
57.Kg5 Kg7 58.f6+ Kf7 59.Kf5 Kf8  1/2-1/2

[Event "Lang mem 5th"]
[Site "Brno"]
[Date "1984.??.??"]
[Round "10"]
[White "Danek, Libor"]
[Black "Stypka, Mieczyslaw"]
[Result "1/2-1/2"]
[WhiteElo "2330"]
[BlackElo "2295"]

1.e4 c5 2.c3 Nf6 3.e5 Nd5 4.d4 cxd4 5.Nf3 d6 6.Qxd4 e6 7.Nbd2 Nc6 8.Qe4 dxe5
9.Nxe5 Nf6 10.Qa4 Qc7 11.Ndf3 Bd6 12.Nxc6 Bd7 13.Bg5 Qxc6 14.Qxc6 Bxc6 15.Nd4 Bd7
16.Bb5 O-O-O  1/2-1/2

[Event "DDR-ch (Women)"]
[Site "Eilenburg"]
[Date "1984.??.??"]
[Round "2"]
[White "Krutzsch, Birgit"]
[Black "Broeder, Iris"]
[Result "0-1"]
[WhiteElo "2000"]
[BlackElo "2130"]

1.e4 c5 2.c3 Nf6 3.e5 Nd5 4.d4 cxd4 5.cxd4 Nc6 6.Nf3 d6 7.Bc4 Nb6 8.Bb5 dxe5
9.Nxe5 Bd7 10.Bxc6 Bxc6 11.Nxc6 bxc6 12.O-O g6 13.Re1 Bg7 14.Bg5 Nc8 15.Qf3 O-O
16.Nc3 Rb8 17.Rab1 Qxd4 18.Bxe7 Nxe7 19.Rxe7 Qxc3  0-1

[Event "DDR-ch (Women)"]
[Site "Eilenburg"]
[Date "1984.??.??"]
[Round "13"]
[White "Jahn, Constanze"]
[Black "Broeder, Iris"]
[Result "1/2-1/2"]
[WhiteElo "1995"]
[BlackElo "2130"]

1.e4 c5 2.c3 Nf6 3.e5 Nd5 4.d4 cxd4 5.cxd4 Nc6 6.Nf3 d6 7.Bc4 Nb6 8.Bb5 dxe5
9.Nxe5 Bd7 10.Bxc6 Bxc6 11.Nxc6 bxc6 12.O-O g6 13.Re1 Bg7 14.Bg5 Nc8 15.Qf3 O-O  1/2-1/2

[Event "EU-ch U20"]
[Site "Groningen"]
[Date "1984.??.??"]
[Round "5"]
[White "Howell, James C"]
[Black "Kozul, Zdenko"]
[Result "1/2-1/2"]
[WhiteElo "2320"]
[BlackElo "2405"]

1.e4 c5 2.c3 Nf6 3.e5 Nd5 4.d4 cxd4 5.cxd4 Nc6 6.Nc3 e6 7.Nf3 d6 8.Bd3 dxe5
9.dxe5 Nxc3 10.bxc3 Qa5 11.O-O Nxe5 12.Nxe5 Qxe5 13.Re1 Qa5 14.Bf4 Bd7 15.Be4 Be7
16.Bxb7 Rd8 17.Qf3 Bf6 18.Rad1 O-O 19.Bd6 Ba4 20.Bxf8 Bxd1 21.Rxd1 Kxf8 22.Rxd8+ Qxd8
23.g3 Qa5 24.Qc6 g6 25.Qa6 Qc5 26.Qc6 Qe5 27.Qa6 Be7 28.Qd3 Qe1+ 29.Kg2 Bc5
30.Qf3 Qa1 31.Qe2 Qxc3 32.Bf3 Qd4 33.Qc2 h5 34.h4 Kg7 35.Qe2 a5 36.a4 e5
37.Qc2 f5 38.Bc6 Kh6 39.Qe2 Qc3 40.Bb5 e4 41.Be8 Kg7 42.Bb5 Qd4 43.Bc6 Bb6
44.Bb5 Qd5 45.Bc4 Qe5 46.Ba6 Bc5 47.Bb7 Qd6 48.Qc2 Qd4 49.Bc6 e3 50.fxe3 Qxe3
51.Bb5 f4 52.gxf4 Qg1+ 53.Kh3 Qg4+ 54.Kh2 Qxh4+ 55.Kg2 Qg4+ 56.Kh2 Qxf4+
57.Kg2 Qg4+ 58.Kh2 Bd6+ 59.Kh1 Qh3+ 60.Kg1 Bf4 61.Qb2+ Kh7 62.Qg2 Qxg2+ 63.Kxg2 g5
64.Kf3  1/2-1/2

[Event "ISR-ch"]
[Site "?"]
[Date "1984.??.??"]
[Round "?"]
[White "Pasman, Michael"]
[Black "Gutman, Lev"]
[Result "0-1"]
[WhiteElo "2335"]
[BlackElo "2480"]

1.e4 c5 2.c3 Nf6 3.e5 Nd5 4.d4 cxd4 5.Bc4 Qc7 6.Qe2 Nb6 7.Bd3 Nc6 8.Nf3 g6
9.Bf4 Nd5 10.Bg3 Bh6 11.Qe4 dxc3 12.bxc3 Qa5 13.O-O f5 14.Qh4 Bg7 15.Bxf5 gxf5
16.Qh5+ Kf8 17.Rd1 Nc7 18.Qxf5+ Kg8 19.Nbd2 d5 20.Qh5 Be6 21.Nb3 Qa4 22.c4 dxc4
23.Nc5 Qc2 24.Nxe6 Nxe6 25.Qg4 Kf7 26.Nh4 h5 27.Qf3+ Kg8 28.Qd5 Rh6 29.Rac1 Qe2
30.Rd2 Qg4 31.Rxc4 Rd8 32.Rxg4 hxg4 33.Nf5 Rg6 34.Qxd8+ Nexd8 35.Nxe7+ Nxe7
36.Rxd8+ Kf7 37.Rd7 Rb6 38.h4 gxh3 39.gxh3 Ke6 40.Rc7 Bh6 41.Bh4 Nd5 42.Rh7 Bf4
43.Kg2 Kxe5 44.Bd8 Rb2  0-1

[Event "Jajce (Women)"]
[Site "Jajce"]
[Date "1984.??.??"]
[Round "?"]
[White "Pihajlic, Amalija"]
[Black "Alexandria, Nana"]
[Result "0-1"]
[WhiteElo "2090"]
[BlackElo "2370"]

1.e4 c5 2.c3 Nf6 3.e5 Nd5 4.d4 cxd4 5.cxd4 d6 6.Bc4 Nb6 7.Bd3 Nc6 8.Nf3 Bg4
9.h3 Bxf3 10.Qxf3 Nxd4 11.Qxb7 dxe5 12.O-O g6 13.f4 exf4 14.Bxf4 Bg7 15.Nc3 O-O
16.Rad1 e5 17.Be3 Qc8 18.Qe7 Qd8 19.Qb7 Qd7 20.Qxd7 Nxd7 21.Bc4 Nb6 22.Ba6 Rfd8
23.a4 Rab8 24.a5 Nc8 25.Nb5 Ne7 26.Nxd4 exd4 27.Bg5 Rd7 28.Rde1 Nd5 29.Bc4 h6
30.Bc1 Ne3 31.Bxe3 dxe3 32.Kh1 Re7 33.b3 Bc3 34.Re2 Bxa5 35.Rf6 Kg7 36.Rf3 Bb6
37.g4 Rc8 38.Kg2 Rc5 39.Kg3 h5 40.gxh5 Rxh5  0-1

[Event "White Knights"]
[Site "Leningrad"]
[Date "1984.??.??"]
[Round "?"]
[White "Vorotnikov, Vladislav V"]
[Black "Taimanov, Mark E"]
[Result "1/2-1/2"]
[WhiteElo "2475"]
[BlackElo "2515"]

1.e4 c5 2.c3 Nf6 3.e5 Nd5 4.Nf3 e6 5.g3 d6 6.exd6 Bxd6 7.d4 O-O 8.Bg2 Nc6
9.O-O Bd7 10.Na3 cxd4 11.Nb5 Be7 12.Nbxd4 Bf6 13.c4 Nde7 14.Be3 a6 15.Qd2 e5
16.Nxc6 Bxc6 17.Rad1 Nf5 18.Qxd8 Rfxd8 19.Bb6 Rxd1 20.Rxd1 h5 21.Ne1 Rc8
22.b3 Be7 23.Bd5 Kf8 24.Nf3 f6 25.Nxe5 Bxd5 26.Ng6+ Kf7 27.Nxe7 Kxe7 28.Rxd5 g6
29.a4 Ke6 30.Kf1 Nd6 31.Ke2 Ne4 32.Kd3 Nd6 33.Bc5 Nf7 34.Bd4 Nd6 35.Bxf6 b5
36.Bd4 bxc4+ 37.bxc4 Nxc4 38.Rg5 Kf7 39.f4 Nd6 40.Rd5 Nf5 41.Bf2 Ke6 42.Re5+ Kf7
43.Rc5 Rd8+ 44.Ke2 Rd6 45.a5 Ke6 46.Re5+ Kf7 47.Rc5 Ne7 48.Rc7 Rc6 49.Rb7 Ke6
50.Rb6 Kf5 51.h3 Ke4 52.Rb4+ Kf5 53.Rb6 Ke4 54.Rb4+ Kf5 55.Rd4 Ke6 56.Re4+ Kd6
57.Be1 Nf5 58.g4 hxg4 59.hxg4 Ng7 60.Bb4+ Kd5 61.Kd3 Re6 62.Rd4+ Kc6 63.Rd8 Ne8
64.Rc8+ Kd7 65.Ra8 Nc7 66.Rg8 Nd5 67.Bd2 Rd6 68.Rg7+ Kc6 69.Kc4 Re6 70.Kd4 Rd6
71.Kc4 Re6 72.Kd4 Rd6 73.Ke5 Nc7 74.Be3 Re6+ 75.Kd4 Nb5+ 76.Kd3 Kd5 77.Bc1 Nd6
78.Rd7 Kc6 79.Ra7 Kb5 80.Bd2 Nc4 81.Rb7+ Kc6 82.Ra7 Kb5 83.Rb7+ Kc6 84.Rb8 Kd5
85.Rb4 Re4 86.Rb8 Rd4+ 87.Kc3 Rxd2 88.Rd8+ Ke4 89.Rf8 Rf2 90.Kxc4 Rxf4 91.Rxf4+ Kxf4
92.Kc5 Kxg4 93.Kb6 Kf4 94.Kxa6 g5 95.Kb5  1/2-1/2

[Event "SWE-ch"]
[Site "Linkoping"]
[Date "1984.??.??"]
[Round "?"]
[White "Unander, Matts"]
[Black "Bengtsson, Bo"]
[Result "0-1"]
[WhiteElo "2265"]
[BlackElo "2200"]

1.e4 c5 2.c3 Nf6 3.e5 Nd5 4.d4 cxd4 5.Nf3 Nc6 6.cxd4 d6 7.Nc3 dxe5 8.dxe5 Nxc3
9.Qxd8+ Nxd8 10.bxc3 Bd7 11.Be3 e6 12.Rb1 Rc8 13.Bxa7 Rxc3 14.Nd4 f6 15.exf6 gxf6
16.Be2 h5 17.O-O Kf7 18.Bf3 Ra3 19.Bb6 Nc6 20.Rfd1 Ne5 21.Bxb7 Ba4 22.Rdc1 Bd6
23.Bc7 Be7 24.Be4 Rxa2 25.Rb7 Nd7 26.Nc6 Bxc6 27.Bxc6 Nc5 28.Rb8 Rxb8 29.Bxb8 Nd3
30.Rf1 Nxf2 31.Bg3 Nd3 32.h3 Bc5+ 33.Kh2 Rd2 34.Rb1 f5 35.Bf3 Bd4 36.Bxh5+ Kf6
37.Rb7 Kg5 38.Rh7 f4 39.h4+ Kf5 40.Rf7+ Ke5 41.Bxf4+ Nxf4 42.Bf3 Rf2 43.Rd7 Rd2
44.Rf7 Kd6 45.h5 Be5 46.Kg1 Rc2 47.h6 Nd3 48.Kf1 Bd4 49.Be4 Rf2+ 50.Rxf2 Nxf2
51.Bf3 Nd3 52.h7 Bg7 53.Bg4 Ke5 54.Bh5 Kf4 55.Bg6 Ke3 56.Be8 Nc5 57.Ke1 Ne4
58.g4 Nf6 59.Bc6 Nxh7 60.Kf1 Ng5 61.Kg2 Bc3 62.Kf1 e5 63.Bb7 e4 64.Bc6 Kd2  0-1

[Event "SWE-ch"]
[Site "Linkoping"]
[Date "1984.??.??"]
[Round "?"]
[White "Pietrusiak, Bogdan"]
[Black "Andersson, Tor"]
[Result "1/2-1/2"]
[WhiteElo "2270"]
[BlackElo "2200"]

1.e4 c5 2.c3 Nf6 3.e5 Nd5 4.d4 cxd4 5.Nf3 Nc6 6.Bc4 Nb6 7.Bb3 d6 8.exd6 Qxd6
9.O-O Be6 10.Bxe6 Qxe6 11.Nxd4 Nxd4 12.Qxd4 Rd8 13.Qh4 Qe2 14.Bd2 e6 15.Re1 Qb5
16.b3 Be7 17.Qg4 Bf6 18.c4 Qd7 19.Bc3 Qe7 20.Qf3 O-O 21.Bxf6 Qxf6 22.Qxf6 gxf6
23.Nc3 f5 24.Red1 Kg7 25.Kf1 Kf6 26.Ke2 a6 27.Ke3 Nd7 28.f4 Ke7 29.Rac1 Nf6
30.h3 Rg8 31.Rxd8 Kxd8 32.Kf3 h5 33.h4 Ne4 34.Ne2 Kc7 35.Rd1 Kc6 36.b4  1/2-1/2

[Event "London P&D Knights"]
[Site "London"]
[Date "1984.??.??"]
[Round "4"]
[White "Jackson, Sheila"]
[Black "Cox, John J"]
[Result "0-1"]
[WhiteElo "2185"]
[BlackElo "2350"]

1.e4 c5 2.c3 Nf6 3.e5 Nd5 4.d4 cxd4 5.cxd4 d6 6.Nf3 Nc6 7.Bc4 dxe5 8.dxe5 Ndb4
9.Qb3 e6 10.O-O Bd7 11.Qd1 Qc7 12.a3 Na5 13.Be2 Nd5 14.Bd3 Rc8 15.b4 Qxc1
16.Qxc1 Rxc1 17.Rxc1 Nb3 18.Nbd2 Nxa1 19.Rxa1 Be7 20.Nb3 O-O 21.Rc1 Nf4 22.Bf1 Rc8
23.Rxc8+ Bxc8 24.g3 Nd5 25.Bd3 h6 26.Nfd4 a6 27.Kf1 f6 28.exf6 Bxf6 29.h4 Kf8
30.Ke2 Ke7 31.Kd2 Kd6 32.Be4 Nb6 33.Kd3 Na4 34.Nc2 b6 35.Nbd4 Nb2+ 36.Ke2 Bxd4
37.Nxd4 Ke5  0-1

[Event "London P&D Knights"]
[Site "London"]
[Date "1984.??.??"]
[Round "11"]
[White "Jackson, Sheila"]
[Black "Britton, Richard"]
[Result "0-1"]
[WhiteElo "2185"]
[BlackElo "2310"]

1.e4 c5 2.c3 Nf6 3.e5 Nd5 4.d4 cxd4 5.cxd4 d6 6.Nf3 Nc6 7.Bc4 Nb6 8.Bb5 dxe5
9.Nxe5 Bd7 10.Nc3 e6 11.Bxc6 Bxc6 12.Nxc6 bxc6 13.Qg4 Qf6 14.O-O Qg6 15.Qf3 Rc8
16.Bf4 Be7 17.Rac1 O-O 18.Ne2 Nd5 19.Rc4 Qf5 20.g4 Qf6 21.Qe4 Nxf4 22.Nxf4 Qh6
23.Rc3 g6 24.Nd3 Qh4 25.f3 Rfd8 26.Rfc1 Bd6 27.R1c2 h5 28.gxh5 Qxh5 29.Rxc6 Rxc6
30.Qxc6 Be7 31.Ne5 Qf5 32.Qe4 Qxe4 33.fxe4 Rxd4 34.Nc6 Rd1+ 35.Kf2 Bf6 36.Ke2 Rh1
37.Kf3 a6 38.b4 Rb1 39.Ke3 Bg5+ 40.Kd3 Bf4 41.a4 f5 42.exf5 gxf5 43.Nd4 Kf7
44.Kc4 Bd6 45.Nb3 Re1 46.Nc5 f4 47.Nxa6 Kf6 48.b5 Re4+ 49.Kb3 f3 50.Rf2 Rf4
51.b6 e5 52.Nc7 e4 53.Nd5+ Ke5 54.Ne3 Kd4 55.Rd2+ Kxe3 56.Rxd6 f2  0-1

[Event "London P&D Knights"]
[Site "London"]
[Date "1984.??.??"]
[Round "13"]
[White "Jackson, Sheila"]
[Black "Nicholson, John G"]
[Result "0-1"]
[WhiteElo "2185"]
[BlackElo "2260"]

1.e4 c5 2.c3 Nf6 3.e5 Nd5 4.d4 cxd4 5.cxd4 e6 6.a3 b6 7.Nf3 Bb7 8.Bd3 Be7
9.O-O O-O 10.Bd2 f5 11.Nc3 Nxc3 12.bxc3 Qe8 13.a4 Nc6 14.Rb1 Rc8 15.c4 d6
16.exd6 Bxd6 17.c5 Bc7 18.cxb6 axb6 19.Bc4 Qg6 20.g3 Ne7 21.Re1 Nd5 22.Qe2 Rf6
23.a5 f4 24.Ne5 fxg3 25.fxg3 Bxe5 26.dxe5 Rff8 27.Bd3 Qe8 28.axb6 Qe7 29.Be4 g6
30.Qb5 Qg7 31.Qb2 Rc4 32.Bd3 Rc6 33.Be3 Nc3 34.Bb5 Qxe5 35.Bf2 Qd5 36.Qb3 Rc4  0-1

[Event "New York Barclay"]
[Site "New York"]
[Date "1984.??.??"]
[Round "7"]
[White "Kastner, Jeffrey"]
[Black "Jarecki, John"]
[Result "1-0"]
[WhiteElo "2315"]
[BlackElo "2235"]

1.e4 c5 2.c3 Nf6 3.e5 Nd5 4.d4 cxd4 5.cxd4 e6 6.Nc3 Nxc3 7.bxc3 d6 8.Nf3 Nc6
9.Bd3 dxe5 10.dxe5 Qa5 11.O-O Nxe5 12.Nxe5 Qxe5 13.Re1 Qc7 14.Bb5+ Bd7 15.Bf4 Qc8
16.Qh5 Bxb5 17.Qxb5+ Qc6 18.Qe5 f6 19.Qh5+ g6 20.Qh3 Kf7 21.Rad1 Be7 22.Bd6 Qd7
23.Bb4 Qc6 24.Bxe7 Kxe7 25.Qh6 Kf7 26.Rd3 Rae8 27.Red1 Re7 28.Rd8 Qa4 29.R1d4 Qb5
30.h4 Qb1+ 31.Kh2 Rhe8 32.Qxh7+ Kf8 33.Rxe8+ Rxe8 34.Rd7  1-0

[Event "Plovdiv"]
[Site "Plovdiv"]
[Date "1984.??.??"]
[Round "9"]
[White "Donchev, Dimitar I"]
[Black "Velikov, Petar"]
[Result "1/2-1/2"]
[WhiteElo "2490"]
[BlackElo "2465"]

1.e4 c5 2.c3 Nf6 3.e5 Nd5 4.Nf3 Nc6 5.d4 cxd4 6.cxd4 d6 7.Bc4 Nb6 8.Bb5 dxe5
9.Nxe5 Bd7 10.Bxc6 Bxc6 11.Nxc6 bxc6 12.O-O g6 13.Re1 Bg7 14.Bg5 O-O 15.Bxe7 Qxd4
16.Nc3  1/2-1/2